000
00268nam a22001097a 4500
082
_a
954.912 LAM'A
100
_a
LAMB, ALASTAIR
_9
1758
245
_a
ASIAN FRONTIERS STUDIES IN A CONTINUING PROBLEM
260
_a
LONDON
_b
PALL MALL
_c
1968
300
_a
246P
942
_c
BK
999
_c
584136
_d
584136